[Event "Online Olym Div3 A"]
[Site "Chess.com INT"]
[Date "2021.08.28"]
[Round "6.1"]
[White "Subramaniam, Sumanth"]
[Black "Jaiswal, Rupesh"]
[Result "1-0"]
[WhiteElo "2155"]
[BlackElo "2102"]
[PlyCount "39"]
[EventDate "2021.08.27"]
[EventType "team-tourn (rapid)"]
[EventRounds "9"]
[EventCountry "USA"]
[SourceTitle "CBM 204 Extra"]
[Source "ChessBase"]
[SourceDate "2021.11.30"]
[SourceVersion "1"]
[SourceVersionDate "2021.11.30"]
[SourceQuality "1"]
[WhiteTeam "Malaysia"]
[BlackTeam "Nepal"]
[WhiteTeamCountry "MAS"]
[BlackTeamCountry "NEP"]

1. a3 g6 2. g3 Bg7 3. Bg2 Nf6 4. Nf3 d6 5. 0-0 0-0 6. d4 a6 7. c4 Nc6 8. b4 e5 9. dxe5 dxe5 10. Bb2 Qe7 11. Nc3 e4 12. Nd4 Nxd4 13. Qxd4 Rd8 14. Nd5 Rxd5 15. cxd5 Bd7 16. Rfc1 c6 17. d6 Qe6 18. Rab1 Rd8 19. Rd1 Qd5 20. Qb6 1-0

[Event "Online Olym Div3 A"]
[Site "Chess.com INT"]
[Date "2020.08.07"]
[Round "1.5"]
[White "Pasko, Llambi"]
[Black "Subramaniam, Sumanth"]
[Result "1-0"]
[WhiteElo "2410"]
[BlackElo "2155"]
[PlyCount "89"]
[EventDate "2020.08.07"]
[EventType "team-tourn (rapid)"]
[EventRounds "9"]
[EventCountry "USA"]
[SourceTitle "CBM 198"]
[Source "ChessBase"]
[SourceDate "2020.10.31"]
[SourceVersion "1"]
[SourceVersionDate "2020.10.31"]
[SourceQuality "1"]
[WhiteTeam "Albania"]
[BlackTeam "Malaysia"]
[WhiteTeamCountry "ALB"]
[BlackTeamCountry "MAS"]

1. d4 Nf6 2. c4 c5 3. d5 e6 4. Nc3 exd5 5. cxd5 d6 6. Nf3 g6 7. Bf4 Bg7 8. h3 0-0 9. e3 Na6 10. Be2 Nc7 11. a4 Re8 12. 0-0 b6 13. Qb3 Ne4 14. Nb5 a6 15. Nxd6 Nxd6 16. Qxb6 Bf8 17. Rfd1 Ne6 18. Qxd8 Nxd8 19. Rac1 N8b7 20. Ne5 Bg7 21. Nc4 Nxc4 22. Bxc4 Bxb2 23. Rb1 Na5 24. Ba2 Be5 25. d6 Bd7 26. Bg5 Rab8 27. Be7 Rxb1 28. Rxb1 Nc6 29. Rb7 Nb8 30. f4 Bg7 31. e4 Bf8 32. Bxf8 Rxf8 33. e5 Be6 34. Bxe6 fxe6 35. Rc7 Rf7 36. g3 Nd7 37. a5 g5 38. Ra7 gxf4 39. gxf4 Kg7 40. Rxa6 Rxf4 41. Ra7 Rf7 42. Rc7 Nxe5 43. a6 Nd7 44. a7 Nb6 45. d7 1-0

[Event "Puchong FF01 IM"]
[Site "Puchong"]
[Date "2018.02.06"]
[Round "8"]
[White "Subramaniam, Sumanth"]
[Black "Kyaw, Lin Naing"]
[Result "0-1"]
[WhiteElo "2172"]
[BlackElo "2306"]
[PlyCount "106"]
[EventDate "2018.02.03"]
[EventType "tourn"]
[EventRounds "9"]
[EventCountry "MAS"]
[EventCategory "2"]
[SourceTitle "CBM 182 Extra"]
[Source "ChessBase"]
[SourceDate "2018.02.23"]
[SourceVersion "1"]
[SourceVersionDate "2018.02.23"]
[SourceQuality "1"]

1. Nf3 Nf6 2. g3 b6 3. Bg2 Bb7 4. c4 c5 5. 0-0 e6 6. Nc3 Be7 7. Re1 0-0 8. e4 d6 9. d4 cxd4 10. Nxd4 Qc8 11. Be3 Nbd7 12. Rc1 Re8 13. b3 a6 14. Qe2 Qc7 15. f4 Bf8 16. g4 e5 17. Nf5 exf4 18. Bxf4 Nc5 19. Ng3 h6 20. g5 Ne6 21. Nd5 Bxd5 22. cxd5 Nxf4 23. Qd2 Qd8 24. Qxf4 hxg5 25. Qxg5 Re5 26. Qd2 g6 27. Rc6 Ng4 28. Qf4 Nf6 29. Rf1 Bg7 30. Rfc1 Ne8 31. Bh3 b5 32. Qf2 Qg5 33. Kh1 Nf6 34. Rf1 Qh4 35. Bg2 Rf8 36. Qf4 Ng4 37. h3 Rg5 38. Ne2 Be5 39. Qf3 Nh2 40. Qf2 Bg3 41. Qf6 Nxf1 42. Qxf1 a5 43. Nd4 Bf4 44. Nf3 Qg3 45. Rc2 Re5 46. Re2 Rc8 47. Re1 Rc2 48. Re2 Rc1 49. Re1 Rxe1 50. Qxe1 Qxe1+ 51. Nxe1 Re8 52. Nd3 Be5 53. Bf1 Bd4 0-1

[Event "Puchong FF01 IM"]
[Site "Puchong"]
[Date "2018.02.04"]
[Round "4"]
[White "Thilakarathne, GM Harshana"]
[Black "Subramaniam, Sumanth"]
[Result "1-0"]
[WhiteElo "2209"]
[BlackElo "2172"]
[PlyCount "105"]
[EventDate "2018.02.03"]
[EventType "tourn"]
[EventRounds "9"]
[EventCountry "MAS"]
[EventCategory "2"]
[SourceTitle "CBM 182 Extra"]
[Source "ChessBase"]
[SourceDate "2018.02.23"]
[SourceVersion "1"]
[SourceVersionDate "2018.02.23"]
[SourceQuality "1"]

1. e4 d5 2. exd5 Qxd5 3. Nc3 Qa5 4. d4 Nf6 5. Nf3 Nc6 6. Bb5 Nd5 7. Rb1 Nxc3 8. bxc3 Qxa2 9. Rb2 Qd5 10. c4 Qe4+ 11. Be3 a6 12. Ba4 Bg4 13. h3 Bh5 14. g4 0-0-0 15. Bxc6 Qxc6 16. gxh5 e5 17. 0-0 exd4 18. Nxd4 Qxc4 19. Qg4+ Kb8 20. Rfb1 b6 21. Qe4 Qd5 22. Nc6+ Kc8 23. Qa4 Re8 24. c4 Qxh5 25. Na7+ Kd8 26. Rd2+ Bd6 27. Rxd6+ cxd6 28. Bxb6+ Ke7 29. Re1+ Kf6 30. Rxe8 Qg5+ 31. Kf1 Rxe8 32. Qxe8 Qc1+ 33. Qe1 Qxc4+ 34. Kg1 Kg6 35. Qd2 d5 36. Bd4 a5 37. Qf4 f6 38. Qg4+ Kf7 39. Nc8 Qc6 40. Qh5+ Ke6 41. Qe2+ Kf7 42. Qe7+ Kg6 43. Qc5 Qxc5 44. Bxc5 Kf5 45. f3 Ke5 46. Kf2 g5 47. Ke3 f5 48. Ne7 a4 49. Nc6+ Ke6 50. Nd4+ Kf6 51. Ne2 h5 52. Nc3 f4+ 53. Kf2 1-0

[Event "Puchong FF01 IM"]
[Site "Puchong"]
[Date "2018.02.03"]
[Round "1"]
[White "Subramaniam, Sumanth"]
[Black "Pranav, V."]
[Result "0-1"]
[WhiteElo "2172"]
[BlackElo "2284"]
[PlyCount "74"]
[EventDate "2018.02.03"]
[EventType "tourn"]
[EventRounds "9"]
[EventCountry "MAS"]
[EventCategory "2"]
[SourceTitle "CBM 182 Extra"]
[Source "ChessBase"]
[SourceDate "2018.02.23"]
[SourceVersion "1"]
[SourceVersionDate "2018.02.23"]
[SourceQuality "1"]

1. Nf3 Nf6 2. g3 b6 3. Bg2 Bb7 4. 0-0 c5 5. c4 g6 6. Nc3 Bg7 7. Re1 d6 8. e4 e5 9. d4 cxd4 10. Nxd4 exd4 11. e5 dxe5 12. Bxb7 Nbd7 13. Bxa8 Qxa8 14. Qxd4 0-0 15. Qh4 Re8 16. Bh6 e4 17. Bxg7 Kxg7 18. f4 Qc6 19. Qg5 Qxc4 20. Qb5 Qd4+ 21. Kg2 Nc5 22. Rad1 Nd3 23. Re2 Rd8 24. Rdd2 Nd5 25. Nxd5 Rxd5 26. Qe8 Rd8 27. Qc6 e3 28. Rc2 Nb4 29. Qc4 Nxc2 30. Qxc2 h5 31. a3 Qd5+ 32. Kh3 Qd4 33. Kg2 Kh7 34. Qb3 Qe4+ 35. Kg1 Qf3 36. Qc2 h4 37. gxh4 Rd4 0-1

[Event "Puchong Friday IM 1st"]
[Site "Puchong"]
[Date "2017.10.09"]
[Round "6"]
[White "Sivakumar, Ashvin"]
[Black "Subramaniam, Sumanth"]
[Result "1-0"]
[WhiteElo "2309"]
[BlackElo "2172"]
[PlyCount "77"]
[EventDate "2017.10.07"]
[EventType "tourn"]
[EventRounds "9"]
[EventCountry "MAS"]
[EventCategory "2"]
[SourceTitle "CBM 181 Extra"]
[Source "ChessBase"]
[SourceDate "2017.12.12"]
[SourceVersion "1"]
[SourceVersionDate "2017.12.12"]
[SourceQuality "1"]

1. d4 Nf6 2. c4 e5 3. d5 Bb4+ 4. Bd2 Qe7 5. Nc3 0-0 6. Qc2 c6 7. e4 b5 8. Nf3 bxc4 9. Bxc4 Bb7 10. 0-0 cxd5 11. Nxd5 Nxd5 12. Bxd5 Bxd5 13. Bxb4 Qxb4 14. exd5 Qd6 15. Rfe1 f6 16. Rad1 Na6 17. a3 Rfc8 18. Qe4 Rab8 19. Re2 Nc5 20. Qg4 Rb3 21. Nh4 Rd3 22. Ree1 Qf8 23. b4 Rxd1 24. Qxd1 Nb7 25. Qa4 Qf7 26. Nf5 Kf8 27. Ne3 a5 28. bxa5 Nc5 29. Qb5 d6 30. Qb6 Qd7 31. Rc1 Ke7 32. Rc4 g6 33. h3 f5 34. Nc2 f4 35. Nb4 Kf6 36. Nc6 Kf5 37. a6 Ra8 38. a7 Qe8 39. Qb8 1-0

[Event "Puchong Friday IM 1st"]
[Site "Puchong"]
[Date "2017.10.07"]
[Round "2"]
[White "Subramaniam, Sumanth"]
[Black "Mas, Hafizulhelmi"]
[Result "1-0"]
[WhiteElo "2172"]
[BlackElo "2318"]
[PlyCount "97"]
[EventDate "2017.10.07"]
[EventType "tourn"]
[EventRounds "9"]
[EventCountry "MAS"]
[EventCategory "2"]
[SourceTitle "CBM 181 Extra"]
[Source "ChessBase"]
[SourceDate "2017.12.12"]
[SourceVersion "1"]
[SourceVersionDate "2017.12.12"]
[SourceQuality "1"]

1. b3 d5 2. Bb2 Nf6 3. e3 Bf5 4. Nf3 e6 5. Be2 Nbd7 6. c4 c6 7. 0-0 Bd6 8. cxd5 exd5 9. d3 Qe7 10. Nbd2 h6 11. Re1 Bh7 12. e4 dxe4 13. dxe4 Bb4 14. e5 Nd5 15. Bc4 N7b6 16. a3 Bc3 17. Bxc3 Nxc3 18. Qc1 Ncd5 19. Bf1 0-0 20. Ne4 Rad8 21. Ra2 Nd7 22. Ng3 Qc5 23. Qa1 Qc3 24. Rb2 Rfe8 25. Rc1 Qa5 26. b4 Qc7 27. Re2 Nf8 28. b5 c5 29. Ne4 Nf4 30. Re3 Bxe4 31. Rxe4 N8g6 32. Qc3 b6 33. Rce1 Qb7 34. Bc4 Re7 35. h4 Qc8 36. g3 Ne6 37. h5 Ngf8 38. Nh4 Nd4 39. Ng6 Ree8 40. Bxf7+ Kxf7 41. Rf4+ Kg8 42. Rxf8+ Kh7 43. Ne7 Rxf8 44. Nxc8 Nf3+ 45. Kf1 Nxe1 46. Nd6 Nf3 47. Qd3+ Kg8 48. Qd5+ Kh7 49. e6 1-0

[Event "Olympiad-42"]
[Site "Baku"]
[Date "2016.09.11"]
[Round "9.2"]
[White "Subramaniam, Sumanth"]
[Black "Ali, Muhammad Lutfi"]
[Result "0-1"]
[WhiteElo "2137"]
[BlackElo "2411"]
[PlyCount "80"]
[EventDate "2016.09.02"]
[EventType "team-swiss"]
[EventRounds "11"]
[EventCountry "AZE"]
[SourceTitle "CBM 175"]
[Source "ChessBase"]
[SourceDate "2016.11.10"]
[SourceVersion "1"]
[SourceVersionDate "2016.11.10"]
[SourceQuality "1"]
[WhiteTeam "Malaysia"]
[BlackTeam "Indonesia"]
[WhiteTeamCountry "MAS"]
[BlackTeamCountry "INA"]

1. Nf3 g6 2. g3 Bg7 3. d4 b6 4. Bg2 Bb7 5. d5 Nf6 6. c4 0-0 7. Nc3 Na6 8. 0-0 Nc5 9. Qc2 c6 10. Rd1 cxd5 11. cxd5 Rc8 12. Nd4 Kh8 13. Nc6 Bxc6 14. dxc6 Qe8 15. b4 Ne6 16. cxd7 Nxd7 17. Bb2 Nd4 18. Qa4 Rxc3 19. Bxc3 Nxe2+ 20. Kf1 Nxc3 21. Qxd7 Nxd1 22. Rxd1 Bf6 23. Qxe8 Rxe8 24. Bc6 Rc8 25. b5 Kg7 26. a4 e6 27. Rd7 a5 28. Ke2 Rh8 29. Ke3 Bc3 30. Rc7 Bb4 31. Bf3 Rd8 32. Rc6 Kf6 33. Be4 Bc5+ 34. Ke2 Ke5 35. Bb1 Rd7 36. f3 Kd4 37. Bd3 Kc3 38. Rxc5+ bxc5 39. Be4 Rd6 40. Ke3 c4 0-1

[Event "Olympiad-42"]
[Site "Baku"]
[Date "2016.09.09"]
[Round "7.3"]
[White "Lorenzana, Wilson Estuardo"]
[Black "Subramaniam, Sumanth"]
[Result "0-1"]
[WhiteElo "2239"]
[BlackElo "2137"]
[PlyCount "139"]
[EventDate "2016.09.02"]
[EventType "team-swiss"]
[EventRounds "11"]
[EventCountry "AZE"]
[SourceTitle "CBM 175"]
[Source "ChessBase"]
[SourceDate "2016.11.10"]
[SourceVersion "1"]
[SourceVersionDate "2016.11.10"]
[SourceQuality "1"]
[WhiteTeam "Guatemala"]
[BlackTeam "Malaysia"]
[WhiteTeamCountry "GUA"]
[BlackTeamCountry "MAS"]

1. e4 d5 2. exd5 Qxd5 3. Nc3 Qa5 4. d4 Nf6 5. Nf3 Nc6 6. Bb5 Ne4 7. Bd2 Nxc3 8. Bxc6+ bxc6 9. Bxc3 Qd5 10. 0-0 Bg4 11. Re1 Bxf3 12. Qxf3 Qxf3 13. gxf3 0-0-0 14. a4 e6 15. a5 a6 16. Ra4 Rd5 17. Re4 Bd6 18. h3 h5 19. Bd2 c5 20. Rc4 Rd8 21. c3 cxd4 22. cxd4 Kd7 23. Bc3 Rh8 24. Bd2 Rb5 25. Bc3 Rh6 26. Ra4 Rf6 27. Re3 Rf4 28. Ra1 Rh4 29. f4 Rxf4 30. Rd3 Rbf5 31. Be1 c6 32. Kg2 Rg5+ 33. Kf1 Rb5 34. Bd2 Rff5 35. b3 Bb4 36. Bc3 Bxa5 37. Bb2 g6 38. Ra3 Rfd5 39. Rf3 Ke8 40. Ra4 Rb4 41. Ra3 Rb6 42. Ra1 Bb4 43. Rc1 Bd6 44. Rc4 Rdb5 45. Rcc3 a5 46. Bc1 Rd5 47. Rfd3 Kd7 48. Be3 Rb7 49. Ke2 Rbb5 50. Rc4 Rb4 51. Rcc3 f5 52. f4 g5 53. fxg5 f4 54. Bf2 Rxg5 55. Kf3 Rd5 56. Ke2 e5 57. dxe5 Bxe5 58. Rxd5+ cxd5 59. Rc5 Ke6 60. Rxa5 Rxb3 61. Ra6+ Kf5 62. h4 Ke4 63. Ra4+ d4 64. Be1 Rb2+ 65. Kf1 f3 66. Ra7 d3 67. Rd7 Rb1 68. Kf2 Bd4+ 69. Kf1 d2 70. Re7+ 0-1

[Event "Kuala Lumpur op 8th"]
[Site "Kuala Lumpur"]
[Date "2011.08.19"]
[Round "3"]
[White "Gasanov, Eldar"]
[Black "Subramaniam, Sumanth"]
[Result "1/2-1/2"]
[WhiteElo "2472"]
[BlackElo "2117"]
[PlyCount "80"]
[EventDate "2011.08.18"]
[EventType "swiss"]
[EventRounds "9"]
[EventCountry "MAS"]
[SourceTitle "CBM 144 Extra"]
[Source "ChessBase"]
[SourceDate "2011.10.28"]
[SourceVersion "1"]
[SourceVersionDate "2011.10.28"]
[SourceQuality "1"]

1. d4 Nf6 2. c4 g6 3. Nc3 d5 4. Bf4 Bg7 5. Rc1 0-0 6. Nf3 Na6 7. e3 Bf5 8. Nxd5 Nxd5 9. cxd5 Nb4 10. Bc4 Nxd5 11. Be5 c6 12. 0-0 Nf6 13. h3 Be4 14. a3 Rc8 15. Qe2 Bh6 16. Rfd1 Qb6 17. b4 a5 18. Nd2 Bf5 19. Bd3 Bxd3 20. Qxd3 axb4 21. Bxf6 exf6 22. Rb1 c5 23. axb4 cxd4 24. exd4 Rfd8 25. Nf3 Rd5 26. b5 Rcd8 27. Qc4 Bf4 28. Re1 R5d7 29. Qc5 Qxc5 30. dxc5 Rc7 31. Re4 Bh6 32. Rc4 Rdc8 33. c6 bxc6 34. b6 Rb7 35. Nd4 c5 36. Rb5 Bf4 37. Nb3 Rc6 38. Nxc5 Rbxb6 39. Nd7 Rxc4 40. Rxb6 Kg7 1/2-1/2

[Event "Wch U16"]
[Site "Kemer"]
[Date "2009.11.21"]
[Round "10"]
[White "Huseyn, Orkhan Samir Oglu"]
[Black "Subramaniam, Sumanth"]
[Result "1/2-1/2"]
[WhiteElo "2121"]
[BlackElo "2064"]
[PlyCount "76"]
[EventDate "2009.11.12"]
[EventType "swiss"]
[EventRounds "11"]
[EventCountry "TUR"]
[SourceTitle "EXT 2010"]
[Source "ChessBase"]
[SourceDate "2010.11.25"]
[SourceVersion "1"]
[SourceVersionDate "2010.11.25"]
[SourceQuality "1"]

1. e4 c5 2. Nf3 d6 3. d4 cxd4 4. Nxd4 Nf6 5. Nc3 a6 6. Be2 e5 7. Nb3 Be7 8. 0-0 0-0 9. Kh1 Qc7 10. f4 Nbd7 11. a4 b6 12. f5 Bb7 13. Bf3 Rfe8 14. g4 d5 15. Nxd5 Nxd5 16. exd5 e4 17. Bxe4 Bd6 18. Bg2 Bxh2 19. g5 Bd6 20. Nd4 Qc4 21. Qd3 Bxd5 22. Qxc4 Bxc4 23. Rd1 Rac8 24. b3 Ne5 25. bxc4 Ng4 26. Kg1 Rxc4 27. Bf3 Bc5 28. Bb2 Ne3 29. Re1 Rxd4 30. Bxd4 Bxd4 31. c3 Bxc3 32. Rxe3 Bd4 33. Kg2 Bxe3 34. Re1 Re5 35. Bb7 a5 36. g6 hxg6 37. fxg6 fxg6 38. Kf3 Bd4 1/2-1/2

[Event "Wch U16"]
[Site "Kemer"]
[Date "2009.11.19"]
[Round "8"]
[White "Thanarotrung, Ratchaphon"]
[Black "Subramaniam, Sumanth"]
[Result "1-0"]
[WhiteElo "1773"]
[BlackElo "2064"]
[PlyCount "81"]
[EventDate "2009.11.12"]
[EventType "swiss"]
[EventRounds "11"]
[EventCountry "TUR"]
[SourceTitle "EXT 2010"]
[Source "ChessBase"]
[SourceDate "2010.11.25"]
[SourceVersion "1"]
[SourceVersionDate "2010.11.25"]
[SourceQuality "1"]

1. c4 b6 2. Nf3 c5 3. g3 Bb7 4. Bg2 Nc6 5. Nc3 e6 6. 0-0 Rc8 7. d3 Be7 8. a3 Nf6 9. Bd2 d5 10. cxd5 exd5 11. Qa4 0-0 12. Rfe1 d4 13. Nb1 Nd5 14. Qb3 Bf6 15. Bh3 Rc7 16. a4 Re8 17. Na3 Rce7 18. Qd1 Ncb4 19. Bg2 Re6 20. Bh3 R6e7 21. Bg2 h6 22. Kf1 Bc8 23. Nc2 Nc6 24. Rc1 Bf5 25. Na3 Ncb4 26. Bxb4 Nxb4 27. Kg1 Qd7 28. a5 g5 29. Nc2 g4 30. Nxb4 gxf3 31. Bxf3 cxb4 32. Bc6 Qd8 33. Bxe8 Rxe8 34. axb6 Qxb6 35. Qa4 Re6 36. Rc8+ Kg7 37. Rc4 Bxd3 38. Rxb4 Qd6 39. e3 dxe3 40. fxe3 a6 41. Rg4+ 1-0

[Event "Wch U16"]
[Site "Kemer"]
[Date "2009.11.16"]
[Round "6"]
[White "Givon, Asaf"]
[Black "Subramaniam, Sumanth"]
[Result "1-0"]
[WhiteElo "2187"]
[BlackElo "2064"]
[PlyCount "79"]
[EventDate "2009.11.12"]
[EventType "swiss"]
[EventRounds "11"]
[EventCountry "TUR"]
[SourceTitle "EXT 2010"]
[Source "ChessBase"]
[SourceDate "2010.11.25"]
[SourceVersion "1"]
[SourceVersionDate "2010.11.25"]
[SourceQuality "1"]

1. e4 c5 2. Nf3 Nc6 3. d4 cxd4 4. Nxd4 e5 5. Nb5 a6 6. Nd6+ Bxd6 7. Qxd6 Qf6 8. Qxf6 Nxf6 9. Nc3 d5 10. exd5 Nb4 11. Bd3 Nxd3+ 12. cxd3 Bf5 13. 0-0 0-0-0 14. Bg5 h6 15. Bxf6 gxf6 16. Rad1 Rhe8 17. f4 e4 18. dxe4 Bxe4 19. Rfe1 Bf5 20. Kf2 Kd7 21. Kf3 h5 22. h3 h4 23. Ne4 Bxe4+ 24. Rxe4 Rxe4 25. Kxe4 Re8+ 26. Kf3 Kd6 27. Rd3 Rg8 28. Rb3 b5 29. Ra3 Kxd5 30. Rxa6 Rg3+ 31. Kf2 Rd3 32. Ke2 Rg3 33. Kf2 Rd3 34. Ke2 Rg3 35. Kf1 f5 36. Rb6 Kc4 37. b3+ Kc5 38. Rf6 Rc3 39. Rxf5+ Kb4 40. a3+ 1-0